Constructing professional discourse : A multiperspective approach to domain-specific discourses
Saved in:
| Main Author: | |
|---|---|
| Format: | Book |
| Language: | English |
| Published: |
Newcastle upon Tyne, United Kingdom:
Cambridge Scholars,
2012
|
| Subjects: | |
| Tags: |
Add Tag
No Tags, Be the first to tag this record!
|
MARC
| LEADER | 00000nam a22000007a 4500 | ||
|---|---|---|---|
| 003 | CL-VaPUC | ||
| 005 | 20231128114036.0 | ||
| 008 | 220331b2012 ||||| |||| 00| 0 eng d | ||
| 999 | |c 435234 |d 435232 | ||
| 020 | |a 978-1-4438-3629-6 | ||
| 040 | |c Pontificia Universidad Católica de Valparaíso | ||
| 082 | 0 | 4 | |2 21 |a 401.41 ORN 2012 |
| 100 | 1 | |a Orna-Montesinos, Concepción |e author |9 867864 | |
| 245 | 1 | 0 | |a Constructing professional discourse : A multiperspective approach to domain-specific discourses |
| 260 | |a Newcastle upon Tyne, United Kingdom: |b Cambridge Scholars, |c 2012 | ||
| 300 | |a 235 páginas | ||
| 500 | |a C.1 Donación Familia profesor Giovanni Parodi S. Memo 01/2022. 25-03-2022 | ||
| 583 | |c 20220331 |k Catalogador Asistente | ||
| 650 | 1 | 0 | |a Análisis del discurso |x Lengua y comunicación |9 256696 |
| 650 | 1 | |a Lingüística de corpus |9 503839 | |
| 650 | 1 | |a Lingüística |x Contexto |9 869047 | |
| 650 | 1 | |a Gramática comparativa y general |9 869048 | |
| 942 | |2 ddc |c BK | ||
| 952 | |0 0 |1 0 |2 ddc |4 0 |6 401_410000000000000_ORN_2012 |7 0 |8 C_GPS |9 582346 |a FDOPOS |b FDOPOS |c GEN |d 2022-03-31 |e Donación |i 5650614 |o 401.41 ORN 2012 |p 5650614 |r 2025-01-22 |t 1 |w 2022-03-31 |y BK |k MLA | ||